Overlay networks : (رقم التسجيلة. 25953)

تفاصيل مارك
000 -الفاتح
حقل البيانات ثابتة الطول 01521cam a2200373 a 4500
001 - رقم الضبط
رقم الضبط 16000375
003 - محدد رقم الضبط
رقم الضبط OSt
005 - وقت وتاريخ اخر تعامل مع التسجيلة
رقم الضبط 20150408114059.0
008 - عناصر البيانات ثابتة الطول - معلومات عامة
حقل البيانات ثابتة الطول 091130s2010 flua b 001 0 eng
010 ## - رقم ضبط مكتبة الكونجرس
رقم ضبط مكتبة الكونجرس 2009046412
015 ## - رقم الببليوجرافية الوطنية
رقم الببليوجرافية الوطنية GBA9A6618
المصدر bnb
016 7# - رقم ضبط الوكاله الوطنية للضبط الببليوجرافي
رقم ضبط التسجيلة 015409063
المصدر Uk
020 ## - الرقم الدولى المعيارى للكتب
الرقم الدولى المعيارى للكتاب 9781439813713 (hardcover : alk. paper)
020 ## - الرقم الدولى المعيارى للكتب
الرقم الدولى المعيارى للكتاب 143981371X (hardcover : alk. paper)
035 ## - رقم ضبط النظام
رقم ضبط النظام (OCoLC)ocn463639414
040 ## - مصدر الفهرسة
وكالة الفهرسة الأصلية DLC
لغة الفهرسة eng
وكالة النسخ DLC
وكالة التعديل YDX
-- BTCTA
-- UKM
-- YDXCP
-- BWX
-- CDX
-- DEBBG
-- OCL
-- DLC
050 00 - رقم طلب مكتبة الكونجرس
رقم التصنيف TK5105.5
رقم المادة .T366 2010
082 00 - رقم تصنيف ديوى العشرى
رقم التصنيف 004.6/52
رقم الطبعة 22
رقم المادة TSO
084 ## - رقم تصنيف آخر
رقم التصنيف ST 200
مصدر الرقم rvk
100 1# - المدخل الرئيسى - إسم شخصى
الإسم الشخصى Tarkoma, Sasu.
9 (RLIN) 17227
245 10 - بيان العنوان
العنوان Overlay networks :
بقية العنوان toward information networking /
بيان المسئوليه,etc Sasu Tarkoma.
260 ## - PUBLICATION, DISTRIBUTION, ETC. (IMPRINT)
مكان الناشر او الموزع Boca Raton [Fla.] :
اسم الناشر او الموزع CRC Press,
تاريخ النشر أو التوزيع c2010.
300 ## - الوصف المادى
التعداد xiii, 245 p. :
تفاصيل ماديه اخرى للوعاء ill. ;
أبعاد الوعاء 26 cm.
500 ## - تبصرة عامة
تبصرة عامة "An Auerbach book."
504 ## - تبصرة ببليوجرافية
تبصرة ببليوجرافية,الخ Includes bibliographical references and index.
650 #0 - المدخل الاضافى بالموضوع-مصطلح موضوعى
مصطلح موضوعي أو اسم جغرافي كعنصر مدخل Information networks.
9 (RLIN) 6959
650 #0 - المدخل الاضافى بالموضوع-مصطلح موضوعى
مصطلح موضوعي أو اسم جغرافي كعنصر مدخل Peer-to-peer architecture (Computer networks)
9 (RLIN) 4916
650 #0 - المدخل الاضافى بالموضوع-مصطلح موضوعى
مصطلح موضوعي أو اسم جغرافي كعنصر مدخل Electronic data processing
التقسيم الفرعي العام Distributed processing.
650 #0 - المدخل الاضافى بالموضوع-مصطلح موضوعى
مصطلح موضوعي أو اسم جغرافي كعنصر مدخل Multimedia communications.
9 (RLIN) 17228
856 41 - الوصول و الموقع الالكترونى
مواد محددة Table of contents
معرف المصدر الموحد <a href="http://bvbr.bib-bvb.de:8991/F?func=service&doc_library=BVB01&doc_number=018931239&line_number=0001&func_code=DB_RECORDS&service_type=MEDIA">http://bvbr.bib-bvb.de:8991/F?func=service&doc_library=BVB01&doc_number=018931239&line_number=0001&func_code=DB_RECORDS&service_type=MEDIA</a>
906 ## - عنصر بيانات محلى F, LDF (RLIN)
a 7
b cbc
c orignew
d 1
e ecip
f 20
g y-gencatlg
942 ## - عناصر المدخل الإضافي( كوها)
مصدر التصنيف او مخطط الترفيف Dewey Decimal Classification
Koha [default] item type DVD
المقتنيات
حالة الفقد نموذج السعر الفعال حالة تلف ليس للاعارة رقم الطلب تاريخ الاكتساب الموقع الحالي الباركود الفرع الرئيسي Date last seen نوع المادة فى نظام كوها مصدر التصنيف او خطة الترفيف Total Checkouts
  2013-03-10     004.652 TSO 2012-09-18 المكتبة المركزية بالمجمعة (CL) 00400016 المكتبة المركزية بالمجمعة (CL) 2013-03-10 كتاب Dewey Decimal Classification  
  2013-03-10     004.6/52 TSO 2012-12-28 المكتبة المركزية بالمجمعة (CL) 00400493 المكتبة المركزية بالمجمعة (CL) 2013-03-10 كتاب Dewey Decimal Classification  
  2013-03-10     004.6/52 TSO 2012-12-28 المكتبة المركزية بالمجمعة (CL) 00400494 المكتبة المركزية بالمجمعة (CL) 2013-03-10 كتاب Dewey Decimal Classification